000 00455nam a2200205Ia 4500
001 12004
003 GE_BSU
008 181216s||||||||xx |||||||||||||| ||und||
020 _a1552784134
040 _cGE_BSU
080 _a821.111-32
100 _aErskine,Barbara
245 _aHiding from the light
260 _aToronto
260 _bMcArthur&Company
260 _c2003.
300 _a718p;18cm.
653 _aHiding from the light
942 _cBK
999 _c45181
_d45181